000 01045nab a2200205 i 4500
001 768714001
003 CO-MdFUSB
005 20240509123158.0
008 240508t1967 sp ||||| |||| 00| 0 spa d
040 _bspa
_cCO-MdFUSB
_dCO-MdFUSB
041 _aspa
100 _aHamilton, William,
_eautor
245 _aEn torno a la teología radical
_c/ William Hamilton
520 _aLa teología radical representó una deconstrucción y una reinvención de la teología tradicional. La teología radical asume ahora su modesto papel de experimento intelectual y ético-político, cuyo fracaso o éxito debe ser determinado en el tiempo. Porque vivir y pensar sin Dios como cristiano es, en definitiva, un proyecto único y difícil.
650 0 _aVida espiritual
_951
653 _aTeología radical
773 0 _049450
_982589
_oR2519
_tRevista internacional de teología Concilium
_w(CO-MdFUSB)8
_x0210-1041
_gNúmero 29, (noviembre, 1967), páginas: 453 - 461
_qpágina: 453
942 _cANA
945 _aCatherine Arias Alvarez - Practicante SENA
999 _c69602
_d69602